| 000 | 01019nam a22003017a 4500 | ||
|---|---|---|---|
| 005 | 20251108164320.0 | ||
| 008 | 250721s2006 xx 000 0 ara d | ||
| 082 | 1 | 4 | _aط/ق/كيل |
| 100 | 1 |
_aكيلو، عبد الرزاق مصطفى _eمؤلف |
|
| 245 | 1 | 0 | _aسلسلة قصص عظماء الصحابة للناشئة / |
| 246 | 1 | 3 | _aعبد الله بن مسعود |
| 246 | 1 | 3 | _aسعد بن معاذ |
| 246 | 1 | 3 | _aالمقداد بن الاسود |
| 246 | 1 | 3 | _aخباب بن الارث |
| 246 | 1 | 3 | _aسعد بن ابي وقاس |
| 246 | 1 | 3 | _aصهيب بن سنان |
| 246 | 1 | 3 | _aعثمان بن مظعون |
| 246 | 1 | 3 | _aأبي ذر الغفاري |
| 246 | 1 | 3 | _aأسامة بن زيد |
| 264 | 1 |
_aدمشق : _bدار المحبة، _c2006. |
|
| 650 | 1 | 7 | _aالقصص |
| 650 | 1 | 7 | _aالصحابه |
| 650 | 1 | 7 | _aالسيره النبويه |
| 653 | _aاطفال مرحله متوسطه (6-9) سنوات | ||
| 700 | 1 | _aمارديني، عبد الرحيم | |
| 942 |
_2ddc _cBK |
||
| 999 |
_c9137 _d9137 |
||